000 00747cab a22001935a 4500
001 L157451
008 121206e2012 xxk 000 0 eng d
035 _a(Sirsi) u157451
041 0 _aeng
100 1 _aSevier, Amy
245 0 2 _aA developer's nightmare
260 _c2012
490 _aEstates Gazette
_v(1248) 1 December 2012, 58-59(2)
520 _aHow restrictive covenants can be relaxed or removed by the Upper Tribunal (Lands Chamber). Notes the powers of the Upper Tribunal to modify or discharge the restrictive covenant and its further powers to order the developer to pay compensation to any person benefiting from it.
590 _aKA
651 4 _aEngland and Wales
_y1543-
690 _aBoundary disputes
_96221
942 _n0
999 _c84390
_d84390